| 000 | 01350cam a2200157 4500500 | ||
|---|---|---|---|
| 005 | 20260419032446.0 | ||
| 041 | _afre | ||
| 042 | _adc | ||
| 100 | 1 | 0 |
_aEbel, Édouard _eauthor |
| 245 | 0 | 0 | _aSaisir l’insaisissable. Gendarmerie et contre-guérilla en Espagne au temps de Napoléon, Gildas Lepetit, PUR, Rennes, 2015, 348 p. |
| 260 | _c2016. | ||
| 500 | _a52 | ||
| 520 | _aThe observation balloons branch is a little-known specialty of the French army. However, it plays an important role during World War One in intelligence gathering and directing artillery fire. But sterling service does not prevent it to undergo a crisis during the interwar period, mainly for lack of sufficient funds. The ballooning observation, a part first of the Engineer corps then of the Air Force, has an organization, staffing, hardware, employment doctrine of its own. General Paul Bienvenue, one of the first balloonists, keeps alerting his superiors on the poor state of the branch in the years 1920-1940, without success. Lacking modernization, it is debilitated when embarking on the 1940 campaign, before collapsing under the blows of the Luftwaffe. | ||
| 786 | 0 | _nRevue Historique des Armées | 283 | 2 | 2016-01-02 | p. 139-140 | 0035-3299 | |
| 856 | 4 | 1 | _uhttps://shs.cairn.info/revue-historique-des-armees-2016-2-page-139?lang=fr&redirect-ssocas=7080 |
| 999 |
_c2218990 _d2218990 |
||